| 000 | 00864nam a22002417a 4500 | ||
|---|---|---|---|
| 999 |
_c11921 _d11921 |
||
| 003 | AR-CdUCM | ||
| 008 | 190405b ||||| |||| 00| 0 spa d | ||
| 040 |
_aMUNICIPALIDAD PROVINCIAL DEL CUSCO _cBIBLIOTECA MUNICIPAL DEL CUSCO |
||
| 082 |
_22ed. _a343 / _bG71 / 1871 |
||
| 100 |
_aGonzales, Florentino _926778 |
||
| 245 | _aLecciones de derecho constitucional / | ||
| 260 |
_aParis : _bLibrería de Rosa y Bouret, _c1871. |
||
| 300 |
_a507 paginas ; _c21 cm. |
||
| 500 | _aDedicatoria | ||
| 505 | _aContenido : La sociedad política, su formación -- El gobierno -- Libertad religiosa -- Derecho de tener y llevar armas -- Modo de votar... | ||
| 650 |
_aLegislar _929537 |
||
| 650 |
_aFormación de leyes _929538 |
||
| 650 |
_aDerecho _9739 |
||
| 650 |
_aElectores _929539 |
||
| 650 |
_aSufragio _929540 |
||
| 942 |
_2ddc _cLIBROS |
||
| 945 |
_awnts _d2019-04-05 |
||